| 000 | 00443nam a22001457a 4500 | ||
|---|---|---|---|
| 082 |
_a355.3095405491 _bELI _cL-30, P-182 |
||
| 100 |
_aConboy Ken. _948783 |
||
| 245 |
_aElite Forces of India and Pakistan _cKen Conboy. |
||
| 260 |
_aLodon. _bOspry publishing Ltd. _cc1992. |
||
| 300 |
_a64 p. _bills. _c30 cm. |
||
| 526 |
_a0 _b0 _c0 _d355_309540549100000_ELI |
||
| 526 |
_a0 _b0 _c0 _d355_309540549100000_ELI |
||
| 650 |
_aMCE _9379 |
||
| 942 |
_2ddc _cBK |
||
| 999 |
_c551638 _d551638 |
||